000 01065nam a2200229Ia 4500
003 Ost
005 20260507075443.0
008 260507s9999||||xx |||||||||||||| ||und||
040 _cfsecg
041 _aara
082 _a658
100 _aجلدة، سامر
_eمؤلف
245 0 _aالسلوك التنظيمي والنظريات الادارية الحديثة /
_c سامر جلدة
260 _aعمان:
_bدار اسامة,
_c2008
300 _a224 صفحة؛
_bإيضاحات ؛
_c24 سم
504 _aببليوغرافيا: ص.219-222
520 _aمفهوم السلوك التنظيمي، السلوك التنظيمي والنظريات الادارية الحديثة، تحليل السلوك الانساني، الشخصية، الادراك، الاتجاهات، الدافعية والحوافز، التعلم، القيادة، الصراع التنظيمي، ضغوط العمل، السلوك التنظيمي
653 _aادارة الاعمال
653 _aالتنظيم
653 _aالسلوك
942 _cكتاب
999 _c44568
_d44568